000 01024nam a2200277Ia 4500
005 20241202105126.0
008 210716s1999 xx 000 0 und d
020 _a8125911650
040 _cAIMIT LIBRARY
041 _aeng
082 _a005.74
_21
_bLEOA
100 _aLeon, Alexis.
_947176
245 _aDatabase management systems /
_cBy Alexis Leon and Mathews Leon.
250 _a1st ed.
260 _aNew Delhi :
_bVikas Publishing House Pvt Ltd. ,
_c1999 .
300 _axi, 988p. ;
_bPB
_c24 cm.
650 _aData information and information processing
_947177
650 _aIntroduction to database management systems
_947178
650 _aInsert update and delete operations
_9187331
650 _aDatabase architecture and data modeling
_9187327
650 _aRelational algebra and relational calculus
_9187328
650 _aIntroduction to structured query language
_9187329
650 _aTables views and indexes
_9187330
700 _aLeon, Mathews.
_947179
942 _2ddc
_cBK
_e1st
_k005.74 LEOA
999 _c190840
_d190840